El libro de los huevos y de las tortillas (Record no. 34185)

MARC details
000 -LEADER
campo de control de longitud fija 00327nam a2200133Ia 4500
005 - FECHA Y HORA DE LA ÚLTIMA TRANSACCIÓN
campo de control 20251222154332.0
008 - DATOS DE LONGITUD FIJA--INFORMACIÓN GENERAL
campo de control de longitud fija 251222s9999||||xx |||||||||||||| ||spa||
020 ## - NÚMERO INTERNACIONAL ESTÁNDAR DEL LIBRO
Número Internacional Estándar del Libro 84-206-0159-4
082 ## - NÚMERO DE LA CLASIFICACIÓN DECIMAL DEWEY
Número de clasificación 641.5/O73L
100 ## - ENTRADA PRINCIPAL--NOMBRE DE PERSONA
Nombre de persona "Ortega, Inés"
245 #0 - MENCIÓN DEL TÍTULO
Título El libro de los huevos y de las tortillas
250 ## - MENCION DE EDICION
Mención de edición 3a.ed.
942 ## - ELEMENTOS DE ENTRADA SECUNDARIOS (KOHA)
Tipo de ítem Koha Libros
Holdings
Estatus retirado Estado de pérdida Estado de daño No para préstamo Biblioteca de origen Biblioteca actual Ubicación en estantería Fecha de adquisición Total de préstamos Signatura topográfica completa Código de barras Visto por última vez Precio de reemplazo Tipo de ítem Koha
        Biblioteca Tarma Biblioteca Tarma Programa 22/12/2025   641.5/O73L 0011625 22/12/2025 22/12/2025 Libros